Transforming your business into a brand : 10 rules of branding
Spremljeno u:
| Glavni autor: | |
|---|---|
| Format: | Knjiga |
| Jezik: | Undetermined |
| Izdano: |
Singapore
Marshall Cavendish Business
2007
|
| Teme: | |
| Oznake: |
Dodaj oznaku
Bez oznaka, Budi prvi tko označuje ovaj zapis!
|
| Thư viện lưu trữ: | Trung tâm Học liệu Trường Đại học Cần Thơ |
|---|
| LEADER | 00636nam a2200217Ia 4500 | ||
|---|---|---|---|
| 001 | CTU_128770 | ||
| 008 | 210402s9999 xx 000 0 und d | ||
| 020 | |c 160000 | ||
| 082 | |a 658.827 | ||
| 082 | |b T129 | ||
| 100 | |a Tai, Jacky | ||
| 245 | 0 | |a Transforming your business into a brand : | |
| 245 | 0 | |b 10 rules of branding | |
| 245 | 0 | |c Jacky Tai and Wilson Chew | |
| 260 | |a Singapore | ||
| 260 | |b Marshall Cavendish Business | ||
| 260 | |c 2007 | ||
| 650 | |a Brand name products,Nhãn hiệu sảnphẩm | ||
| 650 | |x Marketing,Tiếp thị | ||
| 904 | |i Minh | ||
| 980 | |a Trung tâm Học liệu Trường Đại học Cần Thơ | ||